| 000 | 00610nam a2200181Ia 4500 | ||
|---|---|---|---|
| 008 | 100921s9999 xx 000 0 und d | ||
| 082 |
_b38388 _a891.463 न 01 |
||
| 100 | _aतिबिले अनंत. | ||
| 245 | _aगावकूस. | ||
| 260 |
_bअक्षता प्रकाशन, पुणे. _c2001 |
||
| 300 |
_a174 _bमयुरेष बुक एजन्सी,कराड |
||
| 365 | _b160 | ||
| 520 | _aललित-कादंबरी. | ||
| 630 | _aगावकूस. | ||
| 650 | _aललित-कादंबरी. | ||
| 730 | _aगावकूस. | ||
| 942 | _cBOOK | ||
| 999 |
_c787501 _d787498 |
||